书目信息 |
| 题名: |
教育的目的
|
|
| 作者: | 怀特海 著 ;杨彦捷 译 | |
| 分册: | ||
| 出版信息: | 福州 福建人民出版社 2018.03 |
|
| 页数: | 103页 | |
| 开本: | 24cm | |
| 丛书名: | ||
| 单 册: | ||
| 中图分类: | ||
| 科图分类: | ||
| 主题词: | 教育目的--文集 , 教育学 | |
| 电子资源: | ||
| ISBN: | 978-7-211-07871-4 | |
| 000 | 01211nam0 2200289 450 | |
| 001 | 2354972173 | |
| 005 | 20231122193557.91 | |
| 010 | @a978-7-211-07871-4@dCNY28.00 | |
| 100 | @a20180608d2018 em y0chiy50 ea | |
| 101 | 1 | @achi@ceng |
| 102 | @aCN@b350000 | |
| 105 | @ay z 000yy | |
| 106 | @ar | |
| 200 | 1 | @a教育的目的@d= The aims of education@f(英) 艾尔弗雷德·诺思·怀特海著@g杨彦捷译@zeng |
| 210 | @a福州@c福建人民出版社@d2018.03 | |
| 215 | @a103页@d24cm | |
| 314 | @a艾尔弗雷德·诺思·怀特海, 出生于英格兰一个教育世家, 其先辈及兄长都从事于教育、宗教和地方政务类工作。杨彦捷, 毕业于北京师范大学教育学部学前教育研究所, 获博士学位, 目前任教于云南师范大学。 | |
| 330 | @a本书是怀特海的教育代表作, 其深刻的教育思想得到了广泛认同, 并影响深远。他主张教育应该充满生活与活力, 反对向学生灌输知识, 而应引导他们自我发展 ; 他强调古典文学艺术在学生智力发展和人格培养中的重要性, 倡导使受教育者在科学和人文方面全面发展等。 | |
| 500 | 10 | @aAims of education@mChinese |
| 606 | 0 | @a教育目的@j文集 |
| 606 | 0 | @a教育学 |
| 690 | @a@v5 | |
| 690 | @aG40-011@v4 | |
| 701 | 1 | @a怀特海@g(Witehead, A. N.)@4著 |
| 702 | 0 | @a杨彦捷@4译 |
| 801 | 0 | @aCN@b安徽时代出版发行有限公司@c20180608 |
| 905 | @dG40-011@e1396 | |
| 教育的目的= The aims of education/(英) 艾尔弗雷德·诺思·怀特海著/杨彦捷译.-福州:福建人民出版社,2018.03 |
| 103页;24cm |
| ISBN 978-7-211-07871-4:CNY28.00 |
| 本书是怀特海的教育代表作, 其深刻的教育思想得到了广泛认同, 并影响深远。他主张教育应该充满生活与活力, 反对向学生灌输知识, 而应引导他们自我发展 ; 他强调古典文学艺术在学生智力发展和人格培养中的重要性, 倡导使受教育者在科学和人文方面全面发展等。 |
| ● |
| 相关链接 |
|
|
|
|
正题名:教育的目的
索取号:G40-011/1396
 
预约/预借
| 序号 | 登录号 | 条形码 | 馆藏地/架位号 | 状态 | 备注 |
| 1 | 1410642 | 214106420 | 第一样本阅览室/ [索取号:G40-011/1396] | 在馆 | |
| 2 | 1410643 | 214106439 | 第四借阅区/ [索取号:G40-011/1396] | 在馆 | |
| 3 | 1410644 | 214106448 | 第四借阅区/ [索取号:G40-011/1396] | 在馆 | |
| 4 | 1410645 | 214106457 | 教育系资料室/ [索取号:G40-011/1396] | 在馆 | |
| 5 | 1410646 | 214106466 | 教育系资料室/ [索取号:G40-011/1396] | 在馆 |